World of Equals: A Textbook on Gender (Record no. 13253)

MARC details
000 -LEADER
fixed length control field 00481nam a22001817a 4500
003 - CONTROL NUMBER IDENTIFIER
control field OSt
008 - FIXED-LENGTH DATA ELEMENTS--GENERAL INFORMATION
fixed length control field 250409b |||||||| |||| 00| 0 eng d
020 ## - INTERNATIONAL STANDARD BOOK NUMBER
International Standard Book Number 9789354420962
082 ## - DEWEY DECIMAL CLASSIFICATION NUMBER
Classification number 305.42 THW
100 ## - MAIN ENTRY--PERSONAL NAME
Personal name THARU, Susie and SUNEETHA, A.
245 ## - TITLE STATEMENT
Title World of Equals: A Textbook on Gender
250 ## - EDITION STATEMENT
Edition statement Ist. ed.,
260 ## - PUBLICATION, DISTRIBUTION, ETC. (IMPRINT)
Place of publication, distribution, etc Telangana, India,
Name of publisher, distributor, etc Orient BlackSwan,
Date of publication, distribution, etc 2022,
300 ## - PHYSICAL DESCRIPTION
Extent 169 p.
650 ## - SUBJECT ADDED ENTRY--TOPICAL TERM
Topical term or geographic name as entry element English
700 ## - ADDED ENTRY--PERSONAL NAME
Personal name BHRUGUBANDA, Uma Maheswari
942 ## - ADDED ENTRY ELEMENTS (KOHA)
Source of classification or shelving scheme Dewey Decimal Classification
Koha item type Text Books
Holdings
Withdrawn status Lost status Source of classification or shelving scheme Damaged status Not for loan Collection code Home library Current library Date acquired Source of acquisition Currency Cost, normal purchase price Bill Number Total Checkouts Full call number Acc. no. / Barcode Date last seen Actual Cost, discounted price Bill Date Koha item type
    Dewey Decimal Classification     B.A Hons. English PIET NCR College Library PIET NCR College Library 04/04/2025 Zafaa Books & Distributers In Rupees 195.00 ZBD0005   305.42 THW N3868 09/04/2025 136.50 04/04/2025 Reference Books
    Dewey Decimal Classification     B.A Hons. English PIET NCR College Library PIET NCR College Library 04/04/2025 Zafaa Books & Distributers In Rupees 195.00 ZBD0005   305.42 THW N3869 09/04/2025 136.50 04/04/2025 Text Books

Design & Developed by: PIET Central Library
R70 Miles Stone Pattikalyana Samalkha Panipat 132102
mail ID :- [email protected], Phone No:- 0180-2569700 Ex.216